Principais Heróis e Vilões da DC Comics - Statistics

Estatísticas Gerais
  • Esse quiz foi jogado 772 vezes
  • A pontuação média é 13 de 23
Estatísticas das Respostas
Letra Inicial Personagem % Correto
B BATMAN
96%
C CORINGA
90%
M MULHER MARAVILHA
88%
S SUPER HOMEM
87%
F FLASH
86%
R ROBIN
74%
A AQUAMAN
73%
L LANTERNA VERDE
72%
P PINGUIM
64%
L LEX LUTHOR
63%
C CIBORGUE
59%
A ARQUEIRO VERDE
55%
M MULHER GATO
55%
C CHARADA
53%
B BANE
41%
B BATGIRL
39%
D DUAS CARAS
39%
H HERA VENENOSA
35%
E ESPANTALHO
32%
G GAVIÃO NEGRO
32%
B BRAINIAC
21%
S SENHOR FRIO
20%
S SUPER GÊMEOS
6%
Nenhum quiz correspondente encontrado
Distribuição das Pontuações
Porcentagem de Pessoas com Cada Pontuação
Percentil de Números Respondidos
Sua Pontuação Histórica
Você não jogou esse quiz